Psicología de la percepción.

Na minha lista:
Detalhes bibliográficos
Autor principal: Vernon, M. D (autor)
Formato: Livro
Publicado em: Buenos Aires, Argentina: Hormé, 1979.
Edição:3ª edición.
Colecção:Biblioteca psicología de hoy ;
Assuntos:
Tags: Adicionar Tag
Sem tags, seja o primeiro a adicionar uma tag!

MARC

LEADER 00000nam a22000007a 4500
003 CL-VaPUC
005 20250311125342.0
008 250311t1979 ||||| |||| 00| 0spa d
999 |c 447230  |d 447228 
040 |c Pontificia Universidad Católica de Valparaíso 
082 0 4 |a 152 VER 1979  |2 21 
100 0 |a Vernon, M. D  |e autor  |9 336209 
245 1 0 |a Psicología de la percepción. 
250 |a 3ª edición. 
260 |a Buenos Aires, Argentina:  |b Hormé,  |c 1979. 
300 |a 274 páginas.  
490 0 |a Biblioteca psicología de hoy ;  |n  41. 
500 |a c.1.Instituto Arcos 8-1-2025. 
583 |a last modification  |c 19950526 00:00:00  |k Cristina María Rojas Aguilar 
650 0 |a Percepción   |9 266750 
942 |c BK  |2 ddc  |n 1